000 00806nam a22002177a 4500
999 _c17057
_d17057
003 AR-CdUCM
008 190507b ||||| |||| 00| 0 spa d
040 _aMUNICIPALIDAD PROVINCIAL DEL CUSCO
_cBIBLIOTECA MUNICIPAL DEL CUSCO
082 _a150 /
_bG88 / 1933
100 _aGuerrero, Francisco
_936875
245 _aCurso de filosofía :
_bPsicología - lógica conforme al nuevo programa oficial /
260 _aSantiago :
_bNascimento,
_c1933.
300 _a270 páginas ;
_c18 cm.
440 _aCorrespondiente al VI año de la humanidad
_936876
505 _aContenido : La vida de la se sensibilidad -- Los estados afectivos -- Las tendencias afectivas ...
650 _aLa vida
_936877
650 _aFilosofía
_9395
650 _aSiglo XX
_98
942 _2ddc
_cLIBROS
945 _arah
_d07/05/2019